01436nam a2200277 a 450000100100000000500170001000800410002704000250006808200260009310000310011924500820015025000110023226000360024330000270027959000260030665000280033265000310036070000440039191000420043595201380047795201380061595201380075395201230089195201290101499900150114300000997820240412074214.0091002s1995 dr a r 000 0 spa d aDO-SdBNPbspacBNPHU aRD861.44bD668c, 19951 aDomenech Soto, Elba92492110aCoctel de poesías /cElba Domenech Soto ; prólogo Eulalio M. Fernández. a2a ed. aSanto Domingo :bTaller,c1995. a80 p. :bil. ;c22 cm. aInventariado, 2018/BT 0aPoesía dominicana966 0aLiteratura dominicana.96712aFernández, Eulalio M.epról.924924 aValidado. Control de calidad. MMOLINA 001054708DSaGRbGRcHDd2009-10-02iLF1l0oRD861.44 D668c, 1995p9978-30r2020-06-25te. 3w2020-06-25yLFDSZPréstamo en sala 001054708DSaGRbGRcHDd2009-10-02iLF1l0oRD861.44 D668c, 1995p9978-40r2020-06-25te. 4w2020-06-25yLFDSZPréstamo en sala 001052708DSaGRbGRcHDd2009-10-02iLF1l0oRD861.44 D668c, 1995p9978-50r2020-06-25te. 5w2020-06-25yLFDSZPréstamo interno 0010718PDaPDbPDcHDd2009-10-02iLF1l0oRD861.44 D668c, 1995p9978-10r2020-06-25w2020-06-25yLFPDZNo se presta 0010718PDaPDbPDcHDd2009-10-02iLF1l0oRD861.44 D668c, 1995p9978-20r2020-06-25te. 2w2020-06-25yLFPDZNo se presta c9737d9737